Tinaimalai Nurraimpatu/ (Record no. 196532)

MARC details
000 -LEADER
fixed length control field 00590nam a22001937a 4500
005 - DATE AND TIME OF LATEST TRANSACTION
control field 20230714122316.0
010 ## - LCCN (DPL NO)
LC control number ENG-137390
020 ## - INTERNATIONAL STANDARD BOOK NUMBER
Terms of availability 240.00
International Standard Book Number 9788184503692
035 ## - SYSTEM CONTROL NUMBER
System control number EN-120922
037 ## - SOURCE OF ACQUISITION
Source of stock number/acquisition DBAD/PUB
082 ## - DEWEY DECIMAL CLASSIFICATION NUMBER
Classification number 881.08
245 00 - TITLE STATEMENT
Title Tinaimalai Nurraimpatu/
260 ## - PUBLICATION, DISTRIBUTION, ETC. (IMPRINT)
Place of publication, distribution, etc Chennai
Name of publisher, distributor, etc Central institute of classical Tamil
Date of publication, distribution, etc 2017
270 ## - ADDRESS
Address 40 100 Feet Road Taramani
City Chennai
Postal code 600113
300 ## - PHYSICAL DESCRIPTION
Extent 250p.;
Dimensions 24cm(hbk)
500 ## - GENERAL NOTE
General note Includes index
700 ## - ADDED ENTRY--PERSONAL NAME
Personal name Compiled and Edited by Sethumani Manian and N.Murugaiyan
942 ## - ADDED ENTRY ELEMENTS (KOHA)
Source of classification or shelving scheme Dewey Decimal Classification
Item type English Books
Call number suffix TIN
Classification part 881.08
Holdings
Withdrawn status Lost status Not for loan Collection code Home library Current library Date acquired Source of acquisition Cost, normal purchase price Full call number Barcode Copy number Cost, replacement price Koha item type
      Non-fiction D.B.Act.Division D.B.Act.Division 14/07/2023 DBAD/PUB 240.00 881.08 TIN EN-120922 1 240.00 English Books

© Delhi Public Library
Hit Counter
free hit counter